000 01705nam a2200241Ia 4500
008 260220t9999||||xx |||||||||||||| ||spa||
040 _aPY-SlUNAC
_bspa
_erda
041 _aspa
082 _a863
_bD743i
100 _aDovan, Walt G.
_eAutor
245 0 _aInfinito más ene /
_cpor Walt G. Dovan [Autor]
264 _aBarcelona :
_bFerma,
_c[Fecha de publicación no identificada].
300 _a1 volumen
520 _a"Infinito más ene" de Walt G. Dovan es una obra que explora las complejidades del infinito en el contexto de las matemáticas y la filosofía. A través de una narrativa accesible, Dovan aborda conceptos fundamentales como el infinito numerable y no numerable, así como sus implicaciones en distintas disciplinas. El autor utiliza ejemplos prácticos y reflexiones filosóficas para ilustrar cómo el infinito ha influido en el desarrollo del pensamiento matemático y en la comprensión del universo. Además, Dovan discute las paradojas y desafíos que plantea el infinito, invitando al lector a profundizar en su naturaleza abstracta y su relevancia en la vida cotidiana. La obra se caracteriza por su estilo claro y didáctico, lo que la hace accesible tanto a académicos como a lectores interesados en la matemática. En conjunto, "Infinito más ene" se presenta como un recurso valioso para aquellos que buscan una comprensión más profunda de uno de los conceptos más fascinantes y enigmáticos de la ciencia.
653 _aInfinito
653 _aMatemáticas
653 _aTeoría de conjuntos
942 _b2026/02/17
_cBK
999 _c9326
_d9326